La integración económica centroamericana; resumen crítico

Kaydedildi:
Detaylı Bibliyografya
Yazar: Torres Rivas, Edelberto
Materyal Türü: Metin
Baskı/Yayın Bilgisi: San José: CSUCA
Etiketler: Etiketle
Etiket eklenmemiş, İlk siz ekleyin!

MARC

LEADER 00000 a a2200000 04500
001 20381
003
040 |a CRAI/IIS  |c CRAI/IIS 
090 |a 085000  
100 |a Torres Rivas, Edelberto  
245 |a La integración económica centroamericana; resumen crítico  
260 |a San José:   |b CSUCA  
300 |a 24 p.  
999 |c 4420  |d 4420